000
00302nam a22001457a 4500
020
_a
978-81-264-3599-9
082
_a
894.812.3
_b
AND/K
100
_a
ANAND
245
_a
KATHAKAL
_b
2002-2012
260
_a
KOTTAYAM
_b
DC BOOKS
_c
2012
300
_a
224
520
_a
NOVEL
650
_a
NOVEL
942
_c
BK
999
_c
4701
_d
4701